000 00618nam a2200157 a 4500
008 210303s2014 ||||||||||||||||| || u
020 _a9785865478638
050 _aPG 2900 Kul
100 _aKulibina, N.V
245 1 0 _aReading Russian poets' poems: the manual of training in reading fiction books (6th edition)
_cN.V Kulibina
250 _a6th edition
260 _aSt. Petersburg
_c2014
300 _a96 pages: illustrations
650 _aRUSSIAN LITERATURE
995 _FCBU-MAIN LIBRARY (Kitwe)
_M1
_UAVAILABLE
_WMar 3, 2021
_ZMain Library Open Access Collection
999 _c55649
_d55649